<?xml version="1.0" encoding="UTF-8"?>
<record
    xmlns:xsi="http://www.w3.org/2001/XMLSchema-instance"
    xsi:schemaLocation="http://www.loc.gov/MARC21/slim http://www.loc.gov/standards/marcxml/schema/MARC21slim.xsd"
    xmlns="http://www.loc.gov/MARC21/slim">

  <leader>013450am a22003010004500</leader>
  <controlfield tag="003">EG-GiCUC</controlfield>
  <controlfield tag="008">070303s1994    su     g      000 0 ara d</controlfield>
  <datafield tag="017" ind1=" " ind2=" ">
    <subfield code="a">0233 / 1994</subfield>
    <subfield code="b">&#x627;&#x644;&#x633;&#x639;&#x648;&#x62F;&#x64A;&#x629;.&#x645;&#x643;&#x62A;&#x628;&#x629; &#x627;&#x644;&#x645;&#x644;&#x643; &#x641;&#x647;&#x62F; &#x627;&#x644;&#x648;&#x637;&#x646;&#x64A;&#x629;</subfield>
  </datafield>
  <datafield tag="020" ind1=" " ind2=" ">
    <subfield code="a">9960726037</subfield>
  </datafield>
  <datafield tag="040" ind1=" " ind2=" ">
    <subfield code="a">EG-GiCUC</subfield>
    <subfield code="b">ara</subfield>
    <subfield code="c">EG-GiCUC</subfield>
  </datafield>
  <datafield tag="050" ind1=" " ind2="4">
    <subfield code="a">Z695.1.T74</subfield>
    <subfield code="b">F38 1994</subfield>
  </datafield>
  <datafield tag="092" ind1="0" ind2="4">
    <subfield code="a">025.4921</subfield>
    <subfield code="b">F285 1994</subfield>
    <subfield code="2">21</subfield>
  </datafield>
  <datafield tag="099" ind1=" " ind2=" ">
    <subfield code="a">04</subfield>
    <subfield code="a">025.4921 F285 1994</subfield>
  </datafield>
  <datafield tag="245" ind1="0" ind2="2">
    <subfield code="a">&#x627;&#x644;&#x641;&#x64A;&#x635;&#x644; :</subfield>
    <subfield code="b">&#x645;&#x643;&#x646;&#x632; &#x639;&#x631;&#x628;&#x649; &#x634;&#x627;&#x645;&#x644; &#x641;&#x649; &#x639;&#x644;&#x648;&#x645; &#x627;&#x644;&#x62D;&#x636;&#x627;&#x631;&#x629; : &#x642;&#x633;&#x645; &#x639;&#x644;&#x648;&#x645; &#x627;&#x644;&#x62F;&#x64A;&#x646; &#x627;&#x644;&#x627;&#x633;&#x644;&#x627;&#x645;&#x649; /</subfield>
    <subfield code="c">&#x62A;&#x62E;&#x637;&#x64A;&#x637; &#x648; &#x625;&#x634;&#x631;&#x627;&#x641; &#x632;&#x64A;&#x62F; &#x628;&#x646; &#x639;&#x628;&#x62F; &#x627;&#x644;&#x645;&#x62D;&#x633;&#x646; &#x627;&#x644;&#x62D;&#x633;&#x64A;&#x646; &#x61B; &#x62A;&#x646;&#x641;&#x64A;&#x630; &#x645;&#x62D;&#x645;&#x62F; &#x635;&#x627;&#x628;&#x631; &#x645;&#x635;&#x637;&#x641;&#x649;.</subfield>
  </datafield>
  <datafield tag="250" ind1=" " ind2=" ">
    <subfield code="a">&#x637;.1.</subfield>
  </datafield>
  <datafield tag="260" ind1=" " ind2=" ">
    <subfield code="a">&#x627;&#x644;&#x631;&#x64A;&#x627;&#x636; : </subfield>
    <subfield code="b">&#x645;&#x631;&#x643;&#x632; &#x627;&#x644;&#x645;&#x644;&#x643; &#x641;&#x64A;&#x635;&#x644; &#x644;&#x644;&#x628;&#x62D;&#x648;&#x62B; &#x648; &#x627;&#x644;&#x62F;&#x631;&#x627;&#x633;&#x627;&#x62A; &#x627;&#x644;&#x627;&#x633;&#x644;&#x627;&#x645;&#x64A;&#x629;:</subfield>
    <subfield code="c">1994.</subfield>
  </datafield>
  <datafield tag="300" ind1=" " ind2=" ">
    <subfield code="a">2 &#x645;&#x62C;. &#x61B; </subfield>
    <subfield code="c">29 .&#x633;&#x645; </subfield>
  </datafield>
  <datafield tag="505" ind1="0" ind2=" ">
    <subfield code="a">&#x645;&#x62C;. 1&#x639;&#x631;&#x636; &#x647;&#x62C;&#x627;&#x626;&#x649; -&#x645;&#x62C;. 2 &#x639;&#x631;&#x636; &#x647;&#x631;&#x645;&#x64A; &#x648;&#x639;&#x631;&#x636; &#x62A;&#x628;&#x627;&#x62F;&#x64A;&#x644;&#x64A;</subfield>
  </datafield>
  <datafield tag="650" ind1=" " ind2="7">
    <subfield code="a">&#x627;&#x644;&#x627;&#x633;&#x644;&#x627;&#x645;</subfield>
    <subfield code="v">&#x643;&#x634;&#x627;&#x641;&#x627;&#x62A;.</subfield>
    <subfield code="2">qrmak</subfield>
  </datafield>
  <datafield tag="650" ind1=" " ind2="7">
    <subfield code="a">&#x627;&#x644;&#x645;&#x643;&#x627;&#x646;&#x632;.</subfield>
    <subfield code="2">qrmak</subfield>
  </datafield>
  <datafield tag="650" ind1=" " ind2="7">
    <subfield code="a">&#x631;&#x624;&#x648;&#x633; &#x627;&#x644;&#x645;&#x648;&#x636;&#x648;&#x639;&#x627;&#x62A;.</subfield>
    <subfield code="2">qrmak</subfield>
  </datafield>
  <datafield tag="700" ind1="1" ind2=" ">
    <subfield code="a">&#x627;&#x644;&#x62D;&#x633;&#x64A;&#x646;: &#x632;&#x64A;&#x62F; &#x639;&#x628;&#x62F; &#x627;&#x644;&#x645;&#x62D;&#x633;&#x646;.</subfield>
  </datafield>
  <datafield tag="710" ind1="2" ind2=" ">
    <subfield code="a">&#x645;&#x631;&#x643;&#x632; &#x627;&#x644;&#x645;&#x644;&#x643; &#x641;&#x64A;&#x635;&#x644; &#x644;&#x644;&#x628;&#x62D;&#x648;&#x62B; &#x648; &#x627;&#x644;&#x62F;&#x631;&#x627;&#x633;&#x627;&#x62A; &#x627;&#x644;&#x627;&#x633;&#x644;&#x627;&#x645;&#x64A;&#x629;.</subfield>
  </datafield>
  <datafield tag="902" ind1=" " ind2=" ">
    <subfield code="a">1</subfield>
  </datafield>
  <datafield tag="905" ind1=" " ind2=" ">
    <subfield code="a">&#x628;&#x644;&#x62A;&#x627;&#x62C;&#x649;</subfield>
    <subfield code="e">&#x645;&#x631;&#x627;&#x62C;&#x639;</subfield>
  </datafield>
  <datafield tag="905" ind1=" " ind2=" ">
    <subfield code="a">&#x62C;&#x645;&#x627;&#x644;</subfield>
    <subfield code="e">&#x645;&#x62F;&#x62E;&#x644;</subfield>
  </datafield>
  <datafield tag="942" ind1=" " ind2=" ">
    <subfield code="2">ddc</subfield>
    <subfield code="c">REF</subfield>
  </datafield>
  <datafield tag="999" ind1=" " ind2=" ">
    <subfield code="c">92821</subfield>
    <subfield code="d">92821</subfield>
  </datafield>
  <datafield tag="952" ind1=" " ind2=" ">
    <subfield code="2">ddc</subfield>
    <subfield code="7">0</subfield>
    <subfield code="a">CUCL</subfield>
    <subfield code="b">cl228</subfield>
    <subfield code="d">2024-02-11</subfield>
    <subfield code="o">025.4921 F285 1994</subfield>
    <subfield code="p">01000100100771001</subfield>
    <subfield code="r">2023-09-22 00:00:00</subfield>
    <subfield code="t">v.1 Ref. C.1</subfield>
    <subfield code="y">REF</subfield>
  </datafield>
  <datafield tag="952" ind1=" " ind2=" ">
    <subfield code="2">ddc</subfield>
    <subfield code="7">0</subfield>
    <subfield code="a">CUCL</subfield>
    <subfield code="b">cl228</subfield>
    <subfield code="d">2024-02-11</subfield>
    <subfield code="o">025.4921 F285 1994</subfield>
    <subfield code="p">01000100100771002</subfield>
    <subfield code="r">2023-09-22 00:00:00</subfield>
    <subfield code="t">v.2 Ref. C.1</subfield>
    <subfield code="y">REF</subfield>
  </datafield>
</record>
